ბათუმის შოთა რუსთაველის სახელმწიფო უნივერსიტეტის ბიბლიოთეკა

თუშური ლექსიკონი. (ბიბ.ჩანაწერი № 44005)

000 -LEADER
fixed length control field 00883nam a2200253Ia 4500
001 - CONTROL NUMBER
control field 10755
003 - CONTROL NUMBER IDENTIFIER
control field GE_BSU
008 - FIXED-LENGTH DATA ELEMENTS--GENERAL INFORMATION
fixed length control field 181216s||||||||xx |||||||||||||| ||und||
020 ## - INTERNATIONAL STANDARD BOOK NUMBER
International Standard Book Number 978994157790
040 ## - CATALOGING SOURCE
Transcribing agency GE_BSU
080 ## - UNIVERSAL DECIMAL CLASSIFICATION NUMBER
Universal Decimal Classification number 81'374.822=351.41=351.1
100 ## - MAIN ENTRY--PERSONAL NAME
Personal name ცოცანიძე,გიორგი
245 ## - TITLE STATEMENT
Title თუშური ლექსიკონი.
245 ## - TITLE STATEMENT
Statement of responsibility, etc. მხატვ:დავით მაჭავარიანი.
250 ## - EDITION STATEMENT
Edition statement მეორე შევსებული და შესწორებული გამოცემა.
260 ## - PUBLICATION, DISTRIBUTION, ETC.
Place of publication, distribution, etc. თბილისი
260 ## - PUBLICATION, DISTRIBUTION, ETC.
Name of publisher, distributor, etc. ბაკურ სულაკაურის გამ-ბა.
260 ## - PUBLICATION, DISTRIBUTION, ETC.
Date of publication, distribution, etc. 2012
300 ## - PHYSICAL DESCRIPTION
Extent 319გვ;24სმ.
300 ## - PHYSICAL DESCRIPTION
Other physical details ილ.
653 ## - INDEX TERM--UNCONTROLLED
Uncontrolled term თუშური ლექსიკონი.
942 ## - ADDED ENTRY ELEMENTS (KOHA)
Koha item type წიგნი
ეგზემპლარები
Withdrawn status Lost status Damaged status Not for loan Date acquired Barcode Date last seen Price effective from Koha item type
        2018-12-17 35098 2018-12-17 2018-12-17 წიგნი
        2018-12-17 35099 2018-12-17 2018-12-17 წიგნი